| 000 | 00997nam a22001937a 4500 | ||
|---|---|---|---|
| 008 | 110726t1952 xxu||||g |||| 001 0 ara d | ||
| 082 |
_222 _a320.531 _bك و ل |
||
| 100 |
_926424 _aكول، ج.ه |
||
| 245 |
_aتاريخ الفكر الاشتراكى : _bالرواد الأول من 1780 إلى 1850/ _cتأليف ج.ه.كول؛ ترجمة عبد الكريم أحمد ؛مراجعة على أدهم |
||
| 260 |
_aالقاهرة: _bدار سعد مصر بالقاهرة،[1952 _c[1952]. |
||
| 300 |
_a406ص، _c24سم. |
||
| 490 |
_926425 _aمن الفكر السياسى و الاشتراكى |
||
| 650 |
_98522 _aالاشتراكية |
||
| 653 |
_bGeneral _cJuly2011 |
||
| 700 |
_926427 _a،عبد الكريم،أحمد _cمترجم |
||
| 700 |
_926428 _aأدهم،على ، _cمراجع |
||
| 942 |
_2ddc _cBB |
||
| 999 |
_c15737 _d15737 |
||